Nazi inner circle - Statistics

General Stats
  • This quiz has been taken 44 times
  • The average score is 9 of 15
Answer Stats
Hint Answer % Correct
Head of the Luftwaffe. Hermann Goring
91%
Minister of propaganda. Joseph Goebbels
91%
Led the Afrika Korps in North Africa. Erwin Rommel
88%
Nicknamed ‘Angle of Death’. Dr Josef Mengele
85%
Auschwitz camp Largerartz. Josef Mengele
85%
Captured in Argentina, later executed. Adolf Eichmann
76%
Ruler of Germany after Hitler’s death. Karl Donitz
67%
Died in 1942, killed by Czech agents. Reinhard Heydrich
67%
Helped Hitler to write ‘Mein Kampf’. Rudolf Hess
64%
The main plotter that tries to assassinate Hitler in 1944. Claus von Stauffenburg
55%
Commandant of Auschwitz. Rudolf Hoss
45%
In charge of Auschwitz camp. Wilhelm Keitel
36%
Nicknamed ‘Butcher of Lyon’. Klaus Barbie
33%
Wehrmacht high command and operation staff. Alfred Jodi
3%
Rank Major general, in charge of the 58th infantry division. Heinrich Krepie
0%
No matching quizzes found
Score Distribution
Percent of People with Each Score
Percentile by Number Answered
Your Score History
You have not taken this quiz